International corporate finance : markets, transactions, and financial management

Αποθηκεύτηκε σε:
Λεπτομέρειες βιβλιογραφικής εγγραφής
Άλλοι συγγραφείς: Poniachek, Harvey A. (Επιμελητής έκδοσης)
Μορφή: Βιβλίο
Γλώσσα:English
Δημοσίευση: Boston : Unwin Hyman, 1989
Θέματα:
Ετικέτες: Προσθήκη ετικέτας
Δεν υπάρχουν, Καταχωρήστε ετικέτα πρώτοι!

MARC

LEADER 00000cam a2200000 i 4500
001 1/28593
008 960202s1989 eng d
020 |a 0044453949 ((alk. paper)) 
020 |a 0044453957 ((pbk. : alk. paper)) 
035 |l 10023065 
040 |a GR-MY-UA  |b gre  |e aacr 
041 0 |a eng 
082 0 |a 658.1599  |2 (19) 
245 1 0 |a International corporate finance :  |b markets, transactions, and financial management /  |c edited by Harvey A. Poniachek 
260 |a Boston :   |b Unwin Hyman,   |c 1989 
300 |a xxiv, 418 p.;  |b ill.;  |c 24 cm 
504 |a Includes bibliographical references and index 
650 0 0 |a International business enterprises  |x Finance. 
650 0 0 |a International finance. 
700 1 |a Poniachek, Harvey A.  |4 edt 
852 |a INST  |b CHIOS  |e 19960202  |h 658.1599 INT  |p 005200003011  |q 005200003011  |t BK  |y 0 
909 |a Χ  |b 032700